Acercando la ciencia: programa Explora Conicyt

Gardado en:
Detalles Bibliográficos
Autor Corporativo: CONICYT (Author)
Formato: Libro
Idioma:Lingua castelá
inglés
Publicado: Santiago CONICYT 2009
Subjects:
Tags: Engadir etiqueta
Sen Etiquetas, Sexa o primeiro en etiquetar este rexistro!

MARC

LEADER 00000nam a2200000 a 4500
001 UCH4980
003 CL-VaPUC
008 090916e20090000CL |||||||||||||||||spa|d
041 0 7 |a spa  |2 CL-VaPUC 
041 0 7 |a eng  |2 CL-VaPUC 
082 0 4 |a 372.35  |b CON  |2 21 
110 2 |a CONICYT  |e author  |9 541080 
245 1 0 |a Acercando la ciencia: programa Explora Conicyt 
246 1 0 |a Bringing science nearer to us: Explora Conicyt program 
300 |a 48 p 
942 |c BK 
945 |d 20090916 00:00:00  |a rbrito 
260 |a Santiago  |b CONICYT  |c 2009 
650 0 |a Educación científica   |9 307484 
650 0 |a Métodos de enseñanza  |9 270413 
650 0 |a Ciencia y tecnología  |9 260585 
583 |a last modification  |c 20170824 01:45:19  |k Rodrigo Vera 
999 |c 336211  |d 336209 
952 |0 0  |1 0  |4 0  |6 372_350000000000000_CON_2009  |7 0  |8 P  |9 427194  |a BIBEDU  |b BIBEDU  |c BIBEDU_PB  |d 2019-11-22  |i 4600703  |o 372.35 CON 2009  |p 4600703  |r 2024-01-25  |w 2019-11-22  |y BK  |k EPE